00553nam a2200193Ia 4500003000400000005001700004008004100021040000700062041000800069082001500077100002500092245002100117260004500138300000900183650002000192942001300212999001900225952011500244OSt20260326123745.0250729s2010 xx 000 0 und d cAL aeng a420.3 RAMU aH.S.Rama Rao9230549 aUse your english aMangalorebGovt College of Teacherc2010 a118p aEnglish9230550 2ddccBED c238837d238837 00104070aALbALd2025-07-29eManagement Booksl0o420.3 RAMUpBED04156r2025-07-29 16:57:02w2025-07-29yBK